UM Logo

Features of an effective future-faculty teaching-development program: (Record no. 20491)

MARC details
000 -LEADER
fixed length control field 00765nam a22001937a 4500
003 - CONTROL NUMBER IDENTIFIER
control field OSt
005 - DATE AND TIME OF LATEST TRANSACTION
control field 20240815121512.0
008 - FIXED-LENGTH DATA ELEMENTS--GENERAL INFORMATION
fixed length control field 240815b ||||| |||| 00| 0 eng d
040 ## - CATALOGING SOURCE
Transcribing agency 0
082 ## - DEWEY DECIMAL CLASSIFICATION NUMBER
Classification number DPer 507 J826 September 2019 - June 2020 v.49 n. 1-5
100 ## - MAIN ENTRY--PERSONAL NAME
Personal name Frey, Regina.
Relator term author.
9 (RLIN) 57881
245 ## - TITLE STATEMENT
Title Features of an effective future-faculty teaching-development program:
Remainder of title a case Study of 10 STEM Faculty /
Statement of responsibility, etc. Regina Frey, Jacinta Mutambuki, and Denise Leonard
260 ## - PUBLICATION, DISTRIBUTION, ETC. (IMPRINT)
Place of publication, distribution, etc. Arlington USA;
Name of publisher, distributor, etc. National Science Teaching Association,
Date of publication, distribution, etc. March/April 2020.
300 ## - PHYSICAL DESCRIPTION
Extent volume 49, pages 58-65.
700 ## - ADDED ENTRY--PERSONAL NAME
Personal name Frey, Regina.
Relator term author.
9 (RLIN) 57881
700 ## - ADDED ENTRY--PERSONAL NAME
Personal name Mutambuki, Jacinta.
Relator term author.
9 (RLIN) 57882
700 ## - ADDED ENTRY--PERSONAL NAME
Personal name Leonard, Denise.
Relator term author.
9 (RLIN) 57883
942 ## - ADDED ENTRY ELEMENTS (KOHA)
Source of classification or shelving scheme Dewey Decimal Classification
Koha item type Periodicals
Holdings
Withdrawn status Lost status Source of classification or shelving scheme Damaged status Not for loan Collection code Home library Current library Date acquired Total Checkouts Full call number Date last seen Price effective from Koha item type Public note
    Dewey Decimal Classification     Periodicals UM Digos College - LIC UM Digos College - LIC 08/15/2024   DPer 507 J826 September 2019 - June 2020 v.49 n. 1-5 08/15/2024 08/15/2024 Periodicals Periodical Article